| 000 | 00799nam a2200205 a 4500 | ||
|---|---|---|---|
| 005 | 20230527064020.0 | ||
| 008 | 030604s1998 es r 000 0 spa d | ||
| 020 | _a843310814X | ||
| 035 | _aUPN01000124991 | ||
| 049 | _aLT | ||
| 050 | 4 |
_aLB1632 _bC3.6 |
|
| 100 | 1 |
_aCalvo Rodríguez, Angel Regino _936572 |
|
| 245 | 1 | 0 |
_aProgramas para mejorar la comprensión lectora / _cAngel R. Calvo Rodríguez. |
| 260 |
_aMadrid : _bEscuela Española, _c1998. |
||
| 300 |
_a127 p. : _bil. |
||
| 440 | 0 | _aCuadernos de tutoría de educación secundaria obligatoria | |
| 500 | _aA la cabeza de la portada: Educación secundaria obligatoria, 1er. ciclo. Programas de tutoría: área de atención a la diversidad | ||
| 650 | 4 |
_aComprensión lectora _xEstudio y enseñanza (Secundaria) _915823 |
|
| 905 | _aInfantil | ||
| 999 |
_c97170 _d97170 |
||